Impossible Geography Quiz - Statistics

General Stats
  • This quiz has been taken 21 times
  • The average score is 3 of 5
Answer Stats
Question Answer % Correct
What is the largest settlement in the Cook Islands? Avarua
100%
What country owns the island "Canhabaque?" Guinea Bissau
53%
What country owns the town "Issano?" Guyana
40%
What is the tallest mountain in Grenada? Mount Saint Catherine
40%
What is the longest river in Equatorial Guinea? Benito River
33%
No matching quizzes found
Score Distribution
Percent of People with Each Score
Percentile by Number Answered
Your Score History
You have not taken this quiz